000 01633nam a2200361 a 4500
001
003 DO-SdBNP
005 20220505135819.0
007 000045356
008 150305s2014 dr ac 001 0 spa d
020 _a9789945081558
040 _aBPMSU
_bspa
_cBPMSU
082 _a263.042
_bA958c 2014
_222
100 1 _aÁvila Suero, Víctor
245 1 0 _aComisarios, toros y peregrinos hacia los Santuarios del Este. /
_cVíctor Ávila Suero; presentación Bolívar Troncoso Morales.
260 _aSanto Domingo :
_bInstituto Panamericano de geografía e Historia,
_c2014.
300 _a362 p. :
_bil., retrs. ;
_c25 cm.
500 _aIncluye referencias bibliográficas y notas al pie de páginas
500 _aIncluye índice onomástico
500 _a
500 _a
504 _aBibliografía p: 341-342
505 0 _aHermandad de los toreros del Santo Cristo de los Milagros de Bayaguana 19 -- Hermandad de los toreros de la virgen de la Altagracia 79 -- Imágenes de la hermandad de los toreros de la Virgen de la Altagracia 233 -- Entrevistas a comisarios mayores y a sacerdotes 249 -- Fotografías de comisarios mayores y de sacerdotes 333
590 _6Inventariado, 2022/VM
650 4 _aSantuarios
_zBayaguana (República Dominicana)
650 4 _aPeregrinaciones
_xHistoria
_zHigüey (República Dominicana)
650 4 _aCofradías
_zBayaguana (República Dominicana)
650 4 _aAsociaciones religiosas
_zRepública Dominicana
700 1 _aTroncoso Morales, Bolívar
_epresentación
710 2 _aInstituto Panamericano de Geografía e Historia
910 _aVMateo V.
942 _2ddc
_cBK
999 _c8226
_d8226